Every Kendrick Lamar Song - Statistics

General Stats
  • This quiz has been taken 18 times
    17 since last reset
  • The average score is 52 of 220
Answer Stats
Album/Mixtape Song # Answer % Correct
To Pimp a Butterfly 15 i
88%
To Pimp a Butterfly 7 Alright
75%
DAMN. 2 DNA.
75%
DAMN. 13 GOD.
75%
DAMN. 8 HUMBLE.
75%
Singles 2017 HUMBLE. (SKRILLEX REMIX)
75%
Black Panther: The Album (Music from and Inspired By) 6 I Am by Jorja Smith
75%
Kendrick Lamar EP 6 I Am (Interlude)
75%
DAMN. 9 LUST.
75%
To Pimp a Butterfly 6 u
75%
untitled unmastered. 1 untitled 01 | 08.19.2014.
75%
untitled unmastered. 2 untitled 02 | 06.23.2014.
75%
untitled unmastered. 3 untitled 03 | 05.28.2013.
75%
untitled unmastered. 4 untitled 04 | 08.14.2014.
75%
untitled unmastered. 5 untitled 05 | 09.21.2014.
75%
untitled unmastered. 6 untitled 06 | 06.30.2014.
75%
untitled unmastered. 7 untitled 07 | 2014-2016
75%
untitled unmastered. 8 untitled 08 | 09.06.2014.
75%
Section.80 3 A.D.H.D
63%
DAMN. 1 BLOOD.
63%
good kid, m.A.A.d city 12 Compton (ft. Dr. Dre)
63%
good kid, m.A.A.d city 1 Sherane a.k.a Master Splinter's Daughter
63%
DAMN. 14 DUCKWORTH.
63%
To Pimp a Butterfly 2 For Free? (Interlude)
63%
To Pimp a Butterfly 10 Hood Politics
63%
DAMN. 10 LOVE. FEAT ZACARI.
63%
DAMN. 6 LOYALTY. FEAT RIHANNA.
63%
To Pimp a Butterfly 9 Momma
63%
good kid, m.A.A.d city 5 Money Trees (ft. Jay Rock)
63%
DAMN. 7 PRIDE.
63%
To Pimp a Butterfly 13 The Blacker the Berry
63%
To Pimp a Butterfly 1 Wesley's Theory (ft. George Clinton & Thundercat)
63%
Black Panther: The Album (Music from and Inspired By) 3 X by ScHoolboy Q, 2 Chainz & Saudi
63%
DAMN. 11 XXX. FEAT U2.
63%
Black Panther: The Album (Music from and Inspired By) 2 All The Stars (with SZA)
50%
C4 4 A Milli (Freestyle)
50%
Training Day 22 A Song For Buffy (Freestyle)
50%
good kid, m.A.A.d city 3 Backseat Freestyle
50%
good kid, m.A.A.d city 2 Bitch, Don't Kill My Vibe
50%
good kid, m.A.A.d city 14 Bitch, Don't Kill My Vibe (International Remix) (ft. Emeli Sandé)
50%
good kid, m.A.A.d city 13 Bitch, Don't Kill My Vibe (Remix) (ft. Jay-Z)
50%
Black Panther: The Album (Music from and Inspired By) 1 Black Panther
50%
Training Day 18 Blood Sport (Freestyle)
50%
The Big Steppers 4 Die Hard (with Blxst & Amanda Reifer)
50%
Singles 2021 family ties (with Baby Keem)
50%
DAMN. 12 FEAR.
50%
good kid, m.A.A.d city 7 good kid
50%
Training Day 21 Grammy Family (Freestyle)
50%
Section.80 16 HiiiPoWeR
50%
Training Day 7 I Feel It (Freestyle)
50%
To Pimp a Butterfly 4 Institutionalized (ft. Anna Wise, Bilal & Snoop Dogg)
50%
Training Day 15 J. Dilla (Freestyle) (ft. Jay Rock & Punch)
50%
good kid, m.A.A.d city 8 m.A.A.d city (ft. MC Eiht)
50%
The Big Steppers 2 N95
50%
good kid, m.A.A.d city 6 Poetic Justice (ft. Drake)
50%
No Sleep 'Til NYC (with Jay Rock) 6 The Real Hip Hop (Freestyle) by Ab-Soul
50%
The Big Steppers 1 United in Grief
50%
The Big Steppers 8 We Cry Together (with Taylour Page)
50%
DAMN. 4 ELEMENT.
38%
Section.80 11 Keisha's Song (Her Pain) (ft. Ash Riser)
38%
To Pimp a Butterfly 3 King Kunta
38%
To Pimp a Butterfly 16 Mortal Man
38%
Mr. Morale 7 Mr. Morale (with Tanna Leone)
38%
Black Panther: The Album (Music from and Inspired By) 14 Pray For Me (with The Weeknd)
38%
The Big Steppers 9 Purple Heart (with Summer Walker & Ghostface Killah)
38%
good kid, m.A.A.d city 11 Real (ft. Anna Wise)
38%
Mr. Morale 4 Savior (Interlude)
38%
Mr. Morale 5 Savior (with Baby Keem & Sam Dew)
38%
good kid, m.A.A.d city 10 Sing About Me, I'm Dying of Thirst
38%
good kid, m.A.A.d city 9 Swimming Pools (Drank)
38%
Singles 2015 Swimming Pools (Drank) [Black Hippy Remix]
38%
good kid, m.A.A.d city 4 The Art of Peer Pressure
38%
The Big Steppers 3 Worldwide Steppers
38%
DAMN. 3 YAH.
38%
Overly Dedicated 5 Alien Girl (Today With Her)
25%
Mr. Morale 6 Auntie Diaries
25%
Mr. Morale 1 Count Me Out
25%
Singles 2015 County Building Blues
25%
Mr. Morale 2 Crown
25%
The Big Steppers 5 Father Time (ft. Sampha)
25%
DAMN. 5 FEEL.
25%
To Pimp a Butterfly 8 For Sale? (Interlude)
25%
Section.80 1 Fuck Your Ethnicity
25%
Black Panther: The Album (Music from and Inspired By) 9 King's Dead (with Jay Rock, Future & James Blake)
25%
Mr. Morale 9 Mirror
25%
Mr. Morale 8 Mother I Sober (ft. Beth Gibbons)
25%
good kid, m.A.A.d city (Deluxe) 3 Now or Never (ft. Mary J. Blige)
25%
Section.80 8 Poe Mans Dreams (His Vice) (ft. GLC)
25%
The Big Steppers 6 Rich (Interlude)
25%
The Big Steppers 7 Rich Spirit
25%
Section.80 12 Rigamortis
25%
Kendrick Lamar EP 5 She Needs Me (ft. JaVonté)
25%
Overly Dedicated 15 She Needs Me (Remix) (ft. DOM KENNEDY, JaVonté & Murs)
25%
Singles 2010 She Needs Me [Remix] (Ringtone) (ft. Murs & DOM KENNEDY)
25%
Mr. Morale 3 Silent Hill (with Kodak Black)
25%
Singles 2017 The Heart Part 4
25%
Mr. Morale & The Big Steppers 1 The Heart Part 5
25%
Overly Dedicated 1 The Heart Pt. 2 (ft. Dash Snow)
25%
good kid, m.A.A.d city (Deluxe) 1 The Recipe (ft. Dr. Dre)
25%
To Pimp a Butterfly 14 You Ain't Gotta Lie (Momma Said)
25%
Section.80 15 Ab-Soul's Outro (ft. Ab-Soul)
13%
Overly Dedicated 10 Barbed Wire (ft. Ash Riser)
13%
C4 2 Best Rapper Under 25
13%
Y.H.N.I.C. (Hub City Threat: Minor of the Year) 11 Biggie
13%
C4 5 Bitch I'm In The Club
13%
good kid, m.A.A.d city (Deluxe) 2 Black Boy Fly
13%
Section.80 6 Chapter Six
13%
Section.80 10 Chapter Ten
13%
good kid, m.A.A.d city (Deluxe) 4 Collect Calls (ft. Kent Jamz)
13%
Y.H.N.I.C. (Hub City Threat: Minor of the Year) 3 Compton Life
13%
Y.H.N.I.C. (Hub City Threat: Minor of the Year) 9 Drop It Like It's Hot (Freestyle) (ft. Dave Free)
13%
Y.H.N.I.C. (Hub City Threat: Minor of the Year) 4 Go DJ (ft. Dave Free)
13%
Overly Dedicated 12 H.O.C.
13%
To Pimp a Butterfly 11 How Much a Dollar Cost (ft. James Fauntleroy & Ronald Isley)
13%
Y.H.N.I.C. (Hub City Threat: Minor of the Year) 8 How We Do
13%
Overly Dedicated 8 Ignorance is Bliss
13%
Kendrick Lamar EP 1 Intro
13%
No Sleep 'Til NYC (with Jay Rock) 1 Intro by Big Mike
13%
Y.H.N.I.C. (Hub City Threat: Minor of the Year) 1 Intro (HOVA Song Freestyle)
13%
C4 1 Intro (Wayne Co-Sign) (ft. Jay Rock & Lil Wayne)
13%
Overly Dedicated 7 Michael Jordan (ft. ScHoolboy Q)
13%
Singles 2011 My People (ft. Jay Rock)
13%
Section.80 4 No Make-Up (Her Vice) (ft. Colin Munroe)
13%
Overly Dedicated 6 Opposites Attract (Tomorrow W/O Her) (ft. JaVonté)
13%
Overly Dedicated 4 P&P 1.5 (ft. Ab-Soul)
13%
Kendrick Lamar EP 4 P&P (ft. Ab-Soul)
13%
Section.80 7 Ronald Reagan Era (His Evils) (ft. RZA)
13%
Overly Dedicated 9 R.O.T.C (Interlude) (ft. BJ the Chicago Kid)
13%
C4 9 Take Off Your Pants by Ab-Soul
13%
Section.80 5 Tammy's Song (Her Evils)
13%
To Pimp a Butterfly 5 These Walls (ft. Anna Wise, Bilal & Thundercat)
13%
C4 6 West Coast Wu-Tang (ft. Ab-Soul & Punch)
13%
Y.H.N.I.C. (Hub City Threat: Minor of the Year) 2 What the Deal
13%
Overly Dedicated 11 Average Joe
0%
Black Panther: The Album (Music from and Inspired By) 13 Big Shot (with Travis Scott)
0%
Training Day 2 Blame God
0%
Black Panther: The Album (Music from and Inspired By) 8 Bloody Waters by Ab-Soul, Anderson .Paak & James Blake
0%
Section.80 14 Blow My High (Members Only)
0%
Training Day 5 Blow Them Horns (ft. Punch)
0%
No Sleep 'Til NYC (with Jay Rock) 12 Cali's Finest
0%
No Sleep 'Til NYC (with Jay Rock) 20 Can't Be Faded (ft. Dave Free)
0%
Kendrick Lamar EP 3 Celebration
0%
To Pimp a Butterfly 12 Complexion (A Zulu Love) (ft. Rapsody)
0%
C4 8 Compton Chemistry
0%
No Sleep 'Til NYC (with Jay Rock) 5 C.R.E.A.M. (ft. Ab-Soul)
0%
Overly Dedicated 13 Cut You Off (To Grow Closer)
0%
No Sleep 'Til NYC (with Jay Rock) 7 Dead Presidents III (ft. Ab-Soul)
0%
No Sleep 'Til NYC (with Jay Rock) 15 Death Around the Corner
0%
Kendrick Lamar EP 16 Determined (ft. Ash Riser)
0%
No Sleep 'Til NYC (with Jay Rock) 19 DJ Warrior Outro by DJ Warrior
0%
Training Day 24 Dreams (ft. Punch)
0%
No Sleep 'Til NYC (with Jay Rock) 4 Enjoy Life (ft. Ab-Soul)
0%
Kendrick Lamar EP 10 Faith (ft. BJ the Chicago Kid & Punch)
0%
C4 16 Famous Pipe Game (ft. Ab-Soul)
0%
Kendrick Lamar EP 13 Far From Here (ft. ScHoolboy Q)
0%
C4 12 Friend of Mine
0%
No Sleep 'Til NYC (with Jay Rock) 16 Gangsta Party 08
0%
C4 15 G Code
0%
Training Day 17 Get Throwed (ft. Emjae)
0%
Training Day 4 Good Morning America
0%
Overly Dedicated 2 Growing Apart (To Get Closer) (ft. Jhené Aiko)
0%
Training Day 6 Gz and Hustlas (ft. Jay Rock)
0%
No Sleep 'Til NYC (with Jay Rock) 11 Halfway Crooks (ft. Punch)
0%
Training Day 20 Hard Body
0%
Overly Dedicated 14 Heaven & Hell (ft. Alori Joh)
0%
Section.80 2 Hol' Up
0%
Y.H.N.I.C. (Hub City Threat: Minor of the Year) 5 Hovi Baby
0%
Training Day 14 Hpnotiq
0%
No Sleep 'Til NYC (with Jay Rock) 3 I Ain't No Joke
0%
Kendrick Lamar EP 8 I Do This (ft. Jay Rock)
0%
Overly Dedicated 16 I Do This (Remix) (ft. Brown Skeme & U-N-I)
0%
Training Day 26 Imagine (ft. Jay Rock & Punch)
0%
Training Day 9 Imma G
0%
Y.H.N.I.C. (Hub City Threat: Minor of the Year) 10 Industry Niggas (Skit)
0%
Training Day 8 Interview with DJ Dave Part 1 (ft. Dave Free)
0%
Training Day 10 Interview with DJ Dave Part 2 (ft. Dave Free)
0%
Training Day 12 Interview with DJ Dave Part 3 (ft. Dave Free)
0%
Training Day 16 Interview with DJ Dave Part 4 (ft. Dave Free)
0%
Training Day 23 Interview with DJ Dave Part 5 (ft. Dave Free)
0%
Kendrick Lamar EP 2 Is It Love? (ft. Angela McCluskey)
0%
No Sleep 'Til NYC (with Jay Rock) 8 It Ain't Hard 2 Tell
0%
No Sleep 'Til NYC (with Jay Rock) 10 Kick In The Door (ft. Punch)
0%
Section.80 13 Kush & Corinthians (His Pain) (ft. BJ the Chicago Kid)
0%
Kendrick Lamar EP 15 Let Me Be Me
0%
Training Day 11 Man of the Hour
0%
C4 17 Misunderstood (ft. Jay Rock)
0%
C4 3 Mr. Carter (ft. Lil Wayne)
0%
Training Day 13 Never Die
0%
No Sleep 'Til NYC (with Jay Rock) 17 New Pimpin
0%
Overly Dedicated 3 Night of the Living Junkies
0%
No Sleep 'Til NYC (with Jay Rock) 13 OG Julio G
0%
Training Day 1 One Shot Kill
0%
Black Panther: The Album (Music from and Inspired By) 5 Opps by Vince Staples & Yugen Blakrok
0%
Black Panther: The Album (Music from and Inspired By) 7 Paramedic! by SOB X RBE (ft. Kendrick Lamar & Zacari)
0%
C4 7 Phone Home (ft. Punch)
0%
C4 11 Play with Fire
0%
No Sleep 'Til NYC (with Jay Rock) 18 Preach
0%
Training Day 19 Prototype (ft. Punch)
0%
Y.H.N.I.C. (Hub City Threat: Minor of the Year) 6 Put That on Something
0%
Black Panther: The Album (Music from and Inspired By) 11 Redemption by Zacari & Babes Wodumo
0%
Black Panther: The Album (Music from and Inspired By) 10 Redemption Interlude by Zacari
0%
Y.H.N.I.C. (Hub City Threat: Minor of the Year) 7 Ride Up (ft. Freeway & Joe Budden)
0%
Black Panther: The Album (Music from and Inspired By) 12 Seasons by Mozzy, Sjava & REASON
0%
C4 10 Shot Down (ft. Punch)
0%
No Sleep 'Til NYC (with Jay Rock) 9 Smooth Operator (ft. Glasses Malone)
0%
C4 13 Still Hustlin' (ft. Ab-Soul & Jay Rock)
0%
Kendrick Lamar EP 14 Thanksgiving (ft. Rapper Big Pooh)
0%
Training Day 25 The Best Rapper Alive
0%
Singles 2018 The Mantra (with Mike WiLL Made-It & Pharrell Williams)
0%
No Sleep 'Til NYC (with Jay Rock) 2 The Show
0%
Section.80 9 The Spiteful Chant (ft. ScHoolboy Q)
0%
Black Panther: The Album (Music from and Inspired By) 4 The Ways by Khalid & Swae Lee
0%
No Sleep 'Til NYC (with Jay Rock) 14 Topdawg Ent. (ft. Ab-Soul & BO)
0%
Kendrick Lamar EP 11 Trip
0%
Kendrick Lamar EP 9 Uncle Bobby & Jason Keaton (ft. JaVonté)
0%
Kendrick Lamar EP 12 Vanity Slaves
0%
Kendrick Lamar EP 7 Wanna Be Heard
0%
C4 14 Welcome to C4 (ft. Ab-Soul, BO, Jay Rock & ScHoolboy Q)
0%
Training Day 3 Who Shot Ya (Freestyle)
0%
C4 18 Young & Black
0%
No matching quizzes found
Score Distribution
Percent of People with Each Score
Percentile by Number Answered
Your Score History
You have not taken this quiz since the last reset